Konsekwencje Rundy Urugwajskiej GATT dla polityki handlowej Polski. Zastosowanie ekonometrycznego modelu handlu zagranicznego.

Predloženie modelu. Analyzované varianty. Výsledky simulácie. Potreba dohodnúť poľský ústupok pri rokovaniach GATT. Problém súladu poľského národného hospodárstva so zásadami GATT. Záverečné zhrnutie. Príloha: Vysvetlenie premenných symbolov použitých v modeli.

Salvato in:
Dettagli Bibliografici
Autore principale: Michalek, J.J
Altri autori: Przystupa, J.
Natura: Capitolo di libro
Lingua:polacco
Soggetti:
Tags: Aggiungi Tag
Nessun Tag, puoi essere il primo ad aggiungerne!!

MARC

LEADER 00000naa a2200000 4500
001 r004010
005 20220819194203.5
041 0 |a pol 
044 |a PL 
245 1 0 |a Konsekwencje Rundy Urugwajskiej GATT dla polityki handlowej Polski. Zastosowanie ekonometrycznego modelu handlu zagranicznego.  |c J.J. Michalek, J. Przystupa 
520 |a Predloženie modelu. Analyzované varianty. Výsledky simulácie. Potreba dohodnúť poľský ústupok pri rokovaniach GATT. Problém súladu poľského národného hospodárstva so zásadami GATT. Záverečné zhrnutie. Príloha: Vysvetlenie premenných symbolov použitých v modeli. 
610 2 0 |a GATT 
610 2 0 |a politika obchodná 
610 2 0 |a obchod zahraničný 
610 2 0 |a modely ekonometrické 
610 2 0 |a PR 
610 2 0 |a modely obchodu zahraničného 
100 1 |a Michalek, J.J. 
700 1 |a Przystupa, J.